| 000 | 00446nam a2200157Ia 4500 | ||
|---|---|---|---|
| 003 | SISC | ||
| 005 | 20191121124508.0 | ||
| 008 | 180205s9999 xx 000 0 und d | ||
| 020 | _a9715380506 | ||
| 050 |
_aDS 676 _b.N277 1998 |
||
| 100 | _aArevalo, Carmina R. | ||
| 245 | _aJune 12, 1898 and other related documents / | ||
| 260 |
_aKalaw St., Ermita, Manila _bThe national historical institute _c1998 |
||
| 300 | _a90 pages | ||
| 942 |
_2lcc _cBK |
||
| 999 |
_c354710 _d354710 |
||